[Event "Provincial-ch Valencia Primera"]
[Site "Valencia"]
[Date "2009.11.21"]
[Round "7"]
[White "Nieves Cabanes, Jose Manuel"]
[Black "Escribano Cardona, Alfonso"]
[Result "1-0"]
[WhiteElo "1652"]
[BlackElo "1818"]
[PlyCount "42"]
[EventDate "2009.10.03"]
[EventType "swiss"]
[EventRounds "7"]
[EventCountry "ESP"]
[SourceTitle "EXT 2024"]
[Source "ChessBase"]
[SourceDate "2023.10.10"]
[SourceVersion "1"]
[SourceVersionDate "2023.10.10"]
[SourceQuality "1"]

1. d4 d5 2. Nc3 e6 3. Nf3 Nf6 4. Bg5 Be7 5. e3 c6 6. Bd3 Nbd7 7. 0-0 h6 8. Bh4 a6 9. a4 Bb4 10. Na2 Bd6 11. Nc3 a5 12. Ne2 Bb8 13. Nd2 Bd6 14. Bg3 Bxg3 15. Nxg3 c5 16. c3 c4 17. Be2 e5 18. dxe5 Nxe5 19. Nf3 Nxf3+ 20. Bxf3 Be6 21. Qd2 b6 1-0

[Event "Provincial-ch Valencia Primera"]
[Site "Valencia"]
[Date "2009.10.03"]
[Round "1"]
[White "Escribano Cardona, Alfonso"]
[Black "Agraz Munoz, Ivan"]
[Result "0-1"]
[WhiteElo "1818"]
[BlackElo "1812"]
[PlyCount "64"]
[EventDate "2009.10.03"]
[EventType "swiss"]
[EventRounds "7"]
[EventCountry "ESP"]
[SourceTitle "EXT 2024"]
[Source "ChessBase"]
[SourceDate "2023.10.10"]
[SourceVersion "1"]
[SourceVersionDate "2023.10.10"]
[SourceQuality "1"]

1. e4 e6 2. d4 d5 3. e5 c5 4. c3 Nc6 5. Nf3 Qb6 6. Be2 cxd4 7. cxd4 Nge7 8. 0-0 Nf5 9. Qd3 Nfxd4 10. Nxd4 Qxd4 11. Qb5 Qxe5 12. Nd2 a6 13. Qd3 Nb4 14. Qf3 Nc2 15. Rb1 Nd4 16. Qe3 Qxe3 17. fxe3 Nxe2+ 18. Kh1 Nxc1 19. Rbxc1 Bd6 20. Nb3 0-0 21. h3 Bd7 22. e4 Rac8 23. Rxc8 Rxc8 24. Na5 b6 25. Nb3 Rc2 26. exd5 exd5 27. Nd4 Rxb2 28. Nf3 Rxa2 29. Ng5 f6 30. Nf3 Be5 31. Rd1 Ra1 32. Rxa1 Bxa1 0-1